000 00635nam a2200229Ia 4500
003 OSt
005 20221006170010.0
006 a|||||r|||| 00| 0
007 ta
008 221006b |||||||| |||| 00| 0 hin d
024 _a5,299
037 _cTextual
040 _aFML
_cFML
_bhin
041 _2hin
_ahin
082 _aNR44:(S), 155L3
100 _aVanarase Shyamala Au.
_9680899
245 0 _aSangeetache Manas Shastra (In Marathi)
260 _aPune
_bLekhan Vachan Bhandar India
_c1973
300 _a108
_ccm.
942 _hNR44:(S), 155L3
_cTEXL
_2CC
999 _c1122691
_d1122691